| 000 | 00341nam a2200145Ia 4500 | ||
|---|---|---|---|
| 005 | 20251222143232.0 | ||
| 008 | 251222s9999||||xx |||||||||||||| ||spa|| | ||
| 020 | _a9788898433155 | ||
| 082 | _a451/C44/T.II | ||
| 100 | _aCagli, Andrea | ||
| 245 | 0 | _aImparare l'italiano | |
| 250 | _a1ra.ed. | ||
| 264 | _bEdizioni Edilingua | ||
| 942 | _cLIB | ||
| 999 |
_c14253 _d14253 |
||